000 00650nam a22002177i 4500
003 URS
005 20260218110721.0
008 190208t2012 ii ||||| |||| 00| 0 eng d
020 _a9788122433777
040 _cURS
_dURS
050 1 4 _aTA 350
_bB4698 2012
100 1 _aBhavikati, S.S.
245 1 0 _aA textbook of engineering mechanics /
_cS. S. Bhavikatti
264 1 _aNew Delhi :
_bNew Age International Publishers,
_c2012.
300 _axii, 397 pages :
_billustrations ;
_c24 cm
336 _atext
_btxt
_2rdacontent
337 _aunmediated
_bn
_2rdamedia
338 _avolume
_bnc
_2rdacarrier
650 0 _aMechanics, Applied
942 _cFR
_2lcc
999 _c98691
_d98688